000 00376nam a2200109Ia 4500
008 171024s2005 xx 000 0 und d
100 _aKohli, Kanchi
245 _aEleven Years Of The Environment Impact Assessment Notification, 1994
260 _aNew Delhi
_bKalparvriksh Environmental Action Group
_c2005
650 _aPractice - implementation of EIA
700 _aMenon, Manju
999 _c110481
_d110481